Normal view
MARC view
- عهد الملك عبدالله الثاني 1999-التنمية الاقتصادية والاجتماعية-تنمية السياحة-التنمية الصناعية-الاعمار الهاشمي-الانجازات-تاريخ الاردن
Entry Topical Term
001 - CONTROL NUMBER
- control field: 66930
003 - CONTROL NUMBER IDENTIFIER
- control field: JO-AjAnu
005 - DATE AND TIME OF LATEST TRANSACTION
- control field: 20260106085129.0
008 - FIXED-LENGTH DATA ELEMENTS
- fixed length control field: 260106|| aca||babn | a|a d
040 ## - CATALOGING SOURCE
- Original cataloging agency: JO-AjAnu
150 ## - HEADING--TOPICAL TERM
- Topical term or geographic name entry element: عهد الملك عبدالله الثاني 1999-التنمية الاقتصادية والاجتماعية-تنمية السياحة-التنمية الصناعية-الاعمار الهاشمي-الانجازات-تاريخ الاردن